000 00316nam a22001217a 4500
008 160511b xxu||||| |||| 00| 0 eng d
020 _a9780071401944
020 _a0071401946
041 _aeng
080 _a316.77
245 _aCrucial conversations:
_cKerry Patterson; Joseph Grenny; Ron McMillan;
942 _2udc
_cBK
999 _c2039
_d2039